Think globally, act regionally : (Record no. 11546)
[ view plain ]
| 000 -LEADER | |
|---|---|
| fixed length control field | 03186cam a22004814a 4500 |
| 001 - CONTROL NUMBER | |
| control field | 13926844 |
| 005 - DATE AND TIME OF LATEST TRANSACTION | |
| control field | 20090130145008.0 |
| 008 - FIXED-LENGTH DATA ELEMENTS--GENERAL INFORMATION | |
| fixed length control field | 050412s2005 cauab b 001 0 eng |
| 010 ## - LIBRARY OF CONGRESS CONTROL NUMBER | |
| LC control number | 2005010160 |
| 020 ## - INTERNATIONAL STANDARD BOOK NUMBER | |
| International Standard Book Number | 1589481240 (pbk. : alk. paper) |
| 040 ## - CATALOGING SOURCE | |
| Original cataloging agency | DLC |
| Transcribing agency | DLC |
| Modifying agency | DLC |
| 042 ## - AUTHENTICATION CODE | |
| Authentication code | pcc |
| 043 ## - GEOGRAPHIC AREA CODE | |
| Geographic area code | n-us--- |
| 050 00 - LIBRARY OF CONGRESS CALL NUMBER | |
| Classification number | HT391 |
| Item number | .L45 2005 |
| 082 00 - DEWEY DECIMAL CLASSIFICATION NUMBER | |
| Classification number | 307.120285 |
| Edition number | 22 |
| Item number | LEG |
| 100 1# - MAIN ENTRY--PERSONAL NAME | |
| Personal name | LeGates, Richard T. |
| 9 (RLIN) | 4790 |
| 245 10 - TITLE STATEMENT | |
| Title | Think globally, act regionally : |
| Remainder of title | GIS and data visualization for social science and public policy research / |
| Statement of responsibility, etc | Richard LeGates. |
| 250 ## - EDITION STATEMENT | |
| Edition statement | 1st ed. |
| 260 ## - PUBLICATION, DISTRIBUTION, ETC. (IMPRINT) | |
| Place of publication, distribution, etc | Redlands, Calif. : |
| Name of publisher, distributor, etc | ESRI Press, |
| Date of publication, distribution, etc | c2005. |
| 300 ## - PHYSICAL DESCRIPTION | |
| Extent | xx, 518 p. : |
| Other physical details | ill. (some col.), maps (some col.) ; |
| Dimensions | 23 cm + |
| Accompanying material | 1 CD-ROM (4 3/4 in.) |
| 500 ## - GENERAL NOTE | |
| General note | Includes Index |
| 504 ## - BIBLIOGRAPHY, ETC. NOTE | |
| Bibliography, etc | Includes bibliographical references (p. [453]-462) and index. |
| 505 0# - FORMATTED CONTENTS NOTE | |
| Formatted contents note | Urbanization and its discontents -- Introduction to GIS -- Managing urbanization with vector GIS -- Visual images and data graphics -- Urbanization in harmony with the earth -- Introduction to raster GIS -- Using raster GIS to resolve conflicts between the natural and built environments -- Visualizing relationships with multivariate data graphics -- Spatial equity and regional integration -- Symbolizing map features and creating map layouts -- Using multiple media, and the theory and practice of graphic communication -- Bringing it all together in the Portland, Oregon region. |
| 650 #0 - SUBJECT ADDED ENTRY--TOPICAL TERM | |
| Topical term or geographic name as entry element | Regional planning |
| General subdivision | Data processing. |
| 9 (RLIN) | 4791 |
| 650 #0 - SUBJECT ADDED ENTRY--TOPICAL TERM | |
| Topical term or geographic name as entry element | Regional planning |
| Geographic subdivision | United States. |
| 9 (RLIN) | 4792 |
| 650 #0 - SUBJECT ADDED ENTRY--TOPICAL TERM | |
| Topical term or geographic name as entry element | Urban geography |
| General subdivision | Data processing. |
| 9 (RLIN) | 4793 |
| 650 #0 - SUBJECT ADDED ENTRY--TOPICAL TERM | |
| Topical term or geographic name as entry element | Urban ecology (Sociology) |
| General subdivision | Data processing. |
| 9 (RLIN) | 4794 |
| 650 #0 - SUBJECT ADDED ENTRY--TOPICAL TERM | |
| Topical term or geographic name as entry element | Urban policy |
| General subdivision | Data processing. |
| 9 (RLIN) | 4795 |
| 650 #0 - SUBJECT ADDED ENTRY--TOPICAL TERM | |
| Topical term or geographic name as entry element | Geographic information systems. |
| 9 (RLIN) | 4796 |
| 650 #0 - SUBJECT ADDED ENTRY--TOPICAL TERM | |
| Topical term or geographic name as entry element | Information visualization. |
| 9 (RLIN) | 4797 |
| 650 #0 - SUBJECT ADDED ENTRY--TOPICAL TERM | |
| Topical term or geographic name as entry element | Computer graphics. |
| 9 (RLIN) | 4798 |
| 856 41 - ELECTRONIC LOCATION AND ACCESS | |
| Materials specified | Table of contents only |
| Uniform Resource Identifier | <a href="http://www.loc.gov/catdir/toc/ecip0511/2005010160.html">http://www.loc.gov/catdir/toc/ecip0511/2005010160.html</a> |
| 856 42 - ELECTRONIC LOCATION AND ACCESS | |
| Materials specified | Contributor biographical information |
| Uniform Resource Identifier | <a href="http://www.loc.gov/catdir/enhancements/fy0622/2005010160-b.html">http://www.loc.gov/catdir/enhancements/fy0622/2005010160-b.html</a> |
| 856 42 - ELECTRONIC LOCATION AND ACCESS | |
| Materials specified | Publisher description |
| Uniform Resource Identifier | <a href="http://www.loc.gov/catdir/enhancements/fy0622/2005010160-d.html">http://www.loc.gov/catdir/enhancements/fy0622/2005010160-d.html</a> |
| 942 ## - ADDED ENTRY ELEMENTS (KOHA) | |
| Source of classification or shelving scheme | Dewey Decimal Classification |
| Item type | Book - Borrowing |
| Withdrawn status | Item status | Source of classification or shelving scheme | Damaged status | Not for loan | Vendor | Home library | Current library | Shelving location | Date acquired | Source of acquisition | Total Checkouts | Full call number | Barcode | Date last seen | Date last borrowed | Koha item type |
|---|---|---|---|---|---|---|---|---|---|---|---|---|---|---|---|---|
| Dewey Decimal Classification | Baccah | Central Library | Central Library | First floor | 19/05/2009 | 1 | 307.120285 LEG | 000016120 | 15/07/2025 | 04/01/2017 | Book - Borrowing | |||||
| Dewey Decimal Classification | Baccah | Central Library | Central Library | First floor | 19/05/2009 | 307.120285 LEG | 000016119 | 15/07/2025 | Book - Borrowing | |||||||
| Dewey Decimal Classification | Baccah | Central Library | Central Library | First floor | 19/05/2009 | 307.120285 LEG | 000016118 | 15/07/2025 | NB - Book (Non borrowing) | |||||||
| Dewey Decimal Classification | Baccah | Central Library | Central Library | First floor | 19/05/2009 | 307.120285 LEG | 000016127 | 24/08/2022 | CD | DVD - With book | |||||||
| Dewey Decimal Classification | Baccah | Central Library | Central Library | First floor | 19/05/2009 | 307.120285 LEG | 000016125 | 24/08/2022 | CD | DVD - With book | |||||||
| Dewey Decimal Classification | Baccah | Central Library | Central Library | First floor | 19/05/2009 | 307.120285 LEG | 000016126 | 24/08/2022 | CD | DVD - With book |